[Event "8th Edmonton Int"]
[Site "Edmonton CAN"]
[Date "2013.06.26"]
[Round "4.1"]
[White "Mikhalevski,V"]
[Black "Doroshenko,M"]
[Result "0-1"]
[WhiteElo "2551"]
[BlackElo "2336"]

1.c4 c6 2.g3 d5 3.Bg2 Nf6 4.Nf3 Bg4 5.O-O Nbd7 6.d3 e6 7.Nbd2 Bd6 8.b3 O-O
9.Bb2 Qe7 10.a3 a5 11.Re1 Bh5 12.Qc2 Rfe8 13.e4 dxe4 14.Nxe4 Nxe4 15.Rxe4 Bg6
16.Re3 h6 17.Qc3 Qf8 18.d4 Be7 19.Qe1 Bf6 20.Bc3 a4 21.Bb4 c5 22.dxc5 axb3
23.Rxb3 Nxc5 24.Re3 Bxa1 25.Qxa1 Qd6 26.Qe5 Qxe5 27.Nxe5 Rec8 28.Nxg6 fxg6
29.Bxc5 Rxc5 30.Rxe6 Rc7 31.Rxg6 Rxa3 32.Bd5+ Kf8 33.Rb6 Ra7 34.h4 Ke8 35.Kg2 Kd8  0-1

[Event "66th ch-RUS HL"]
[Site "Yekaterinburg RUS"]
[Date "2013.06.26"]
[Round "6.2"]
[White "Khismatullin,D"]
[Black "Inarkiev,E"]
[Result "0-1"]
[WhiteElo "2658"]
[BlackElo "2680"]

1.c4 c6 2.Nf3 d5 3.e3 Nf6 4.Nc3 g6 5.d4 Bg7 6.Be2 O-O 7.O-O b6 8.b4 Nbd7
9.cxd5 cxd5 10.Qb3 Bb7 11.b5 Re8 12.Bb2 e6 13.a4 Bf8 14.Rfc1 Bd6 15.Ba3 Bc7
16.Na2 e5 17.dxe5 Nxe5 18.Bb2 Ne4 19.Nxe5 Bxe5 20.Bxe5 Rxe5 21.Qb2 Rf5 22.Rf1 Qh4
23.g3 Qh3 24.Qd4 Re8 25.Rac1 Ree5 26.Rc2 h5 27.Nb4 Nc5 28.f3 Ne6 29.Qd2 Rg5
30.Rf2 Nc5 31.Bf1 Qe6 32.f4 Ne4 33.Qe1 Nxf2 34.Qxf2 Rgf5 35.Rc7 Qd6 36.Rxb7 Qxb4
37.Rb8+ Kh7 38.Qc2 Rxe3 39.Qc8 Qd4 40.Qg8+ Kh6 41.Qf8+ Qg7 42.Qd6 Rc3 43.Kg2 h4
44.Be2 Rc2 45.Qe7 g5 46.Kh3 hxg3 47.hxg3 Kg6 48.Kg4 Rxf4+  0-1

[Event "DC International"]
[Site "Arlington USA"]
[Date "2013.06.28"]
[Round "3.3"]
[White "Bodek,Michael H"]
[Black "Holt,C"]
[Result "0-1"]
[WhiteElo "2386"]
[BlackElo "2530"]

1.c4 c6 2.e4 d5 3.exd5 Nf6 4.Nc3 cxd5 5.d4 e6 6.c5 Be7 7.Qc2 O-O 8.Nf3 b6
9.b4 a5 10.Na4 Nbd7 11.b5 bxc5 12.dxc5 Ne4 13.Be3 Bb7 14.c6 Bb4+ 15.Kd1 Rc8
16.Bd3 Nb8 17.Ke2 Nxc6 18.bxc6 Qe8 19.Bd4 Rxc6 20.Qb3 e5 21.Bb2 Rg6 22.Nxe5 Rg5
23.Rhd1 Rxe5 24.Kf1 d4 25.Bxd4 Nd2+ 26.Rxd2 Bxd2 27.Bxe5 Qxe5 28.Rd1 Re8
29.Qb1 Qxh2  0-1

[Event "III Marcel Duchamp Boca Jun Op"]
[Site "Buenos Aires ARG"]
[Date "2013.06.28"]
[Round "8.9"]
[White "Giampa,A"]
[Black "Mahia,G"]
[Result "0-1"]
[WhiteElo "2219"]
[BlackElo "2377"]

1.c4 c6 2.Nf3 d5 3.e3 Nf6 4.Nc3 g6 5.b4 Bg7 6.Bb2 O-O 7.d4 Bg4 8.h3 Bxf3
9.gxf3 Nbd7 10.f4 e6 11.c5 b6 12.Bd3 Rb8 13.Rb1 Nh5 14.cxb6 axb6 15.Be2 Nhf6
16.O-O Qe7 17.b5 c5 18.a4 cxd4 19.Qxd4 Rfc8 20.Rfc1 Ne8 21.Qd1 Qh4 22.Kg2 Nd6
23.Bf3 Nc5 24.Ne2 Nce4 25.Bxe4 Nxe4 26.Rxc8+ Rxc8 27.Ng3 Bxb2 28.Nxe4 Bg7
29.Nd2 Qe7 30.Rc1 Ra8 31.Rc6 Qa7 32.Nf3 Bf6 33.Qc2 Kg7 34.Rd6 Be7 35.Qc3+ Bf6
36.Qc6 Qxa4 37.Rd7 Ra7 38.Qxe6 Rxd7 39.Qxd7 Qe4 40.Qc6 Qe6 41.Qc7 Be7 42.Qc3+ Bf6
43.Qc7 h6 44.Qc2 Qe8 45.Qc6 Qe6 46.Qc2 Kf8 47.Qd3 Ke7 48.Kg3 Qd6 49.Kg2 Qc5
50.Kg3 Ke6 51.Kg4 Qc4 52.Qb1 Bc3 53.Kg3 Kd6 54.Qc2 Bf6 55.Qd2 Kc5 56.h4 Kxb5
57.Nd4+  0-1

[Event "21st Montcada Open"]
[Site "Montcada i Reixac ESP"]
[Date "2013.06.28"]
[Round "4.12"]
[White "Ulibin,M"]
[Black "Anurag,M"]
[Result "1/2-1/2"]
[WhiteElo "2523"]
[BlackElo "2401"]

1.c4 c6 2.e4 e5 3.Nf3 d6 4.d4 Bg4 5.Be2 Nd7 6.Nc3 Be7 7.O-O Bxf3 8.Bxf3 Bg5
9.Bxg5 Qxg5 10.d5 c5 11.Qb3 Nb6 12.a4 Qe7 13.a5 Nc8 14.a6 bxa6 15.Rxa6 Nf6
16.Qb5+ Kf8 17.Qc6 Rb8 18.Nb5 g5 19.Rfa1 g4 20.Rxa7 Nxa7 21.Rxa7 Qxa7 22.Nxa7 Rxb2
23.Qxd6+ Kg7 24.h3 gxf3 25.Qxe5 Rb1+ 26.Kh2 fxg2 27.Kxg2 Rg8 28.Kh2 h6 29.Nc6 Re1
30.f3 Kh7 31.Qf5+ Rg6 32.h4 Re2+ 33.Kh3 Re1 34.Kh2 Re2+ 35.Kh3 Re1 36.Kh2 Re2+  1/2-1/2

[Event "DC International"]
[Site "Arlington USA"]
[Date "2013.06.29"]
[Round "6.11"]
[White "Shetty,A"]
[Black "Pressman,L"]
[Result "1-0"]
[WhiteElo "2314"]
[BlackElo "2191"]

1.c4 c6 2.g3 e5 3.d4 e4 4.Nc3 d5 5.Qb3 Nf6 6.cxd5 cxd5 7.Bg5 Nbd7 8.Nh3 Qb6
9.Nf4 Qxb3 10.axb3 Bb4 11.Bh3 Nb6 12.Bxc8 Rxc8 13.Bxf6 gxf6 14.Rxa7 Bxc3+
15.bxc3 Rxc3 16.O-O Rc6 17.Rxb7 O-O 18.Ra1 Nc8 19.Nxd5 Kg7 20.Ne7 Nxe7 21.Rxe7 Re6
22.Rxe6 fxe6 23.b4 Rb8 24.Rb1 Rb5 25.Kf1 Kf7 26.Ke1 Ke7 27.Kd2 Kd6 28.e3 Rf5
29.Ke2 Rb5 30.Rb2 e5 31.dxe5+ Kxe5 32.Kd2 Kd5 33.Kc3 Kc6 34.Kc4 Rh5 35.h4 Rb5
36.Ra2 Rf5 37.Kd4 Rb5 38.Kxe4 Rxb4+ 39.Kf5 Rb1 40.Rd2  1-0

[Event "IsBank TCh-TUR 2013"]
[Site "Denizli TUR"]
[Date "2013.06.29"]
[Round "1.8"]
[White "Durmaz,A"]
[Black "Arig,B"]
[Result "1/2-1/2"]
[WhiteElo "1795"]
[BlackElo "1806"]

1.c4 c6 2.Nf3 d5 3.b3 Nf6 4.Bb2 Bf5 5.g3 e6 6.Bg2 Nbd7 7.O-O Be7 8.d3 O-O
9.Nbd2 h6 10.Rc1 a5 11.a3 Bh7 12.Rc2 Rc8 13.Qa1 Ne8 14.Rfc1 Bf6 15.cxd5 exd5
16.Nd4 Nd6 17.Bh3 Ra8 18.N4f3 Bxb2 19.Qxb2 Qe7 20.Nf1 Bf5 21.Bg2 Bh7 22.b4 Ra7
23.Nd4 axb4 24.axb4 Rfa8 25.Ne3 Ra4 26.b5 Nxb5 27.Nxb5 Rb4 28.Qc3 Rxb5 29.Qd2 Qb4
30.Qd1 Bg6 31.Nf1 Nf6 32.Nd2 Qe7 33.Nf3 Ra4 34.Rxc6 bxc6 35.Qxa4 Qxe2 36.Nd4 Qb2
37.Qa8+ Kh7 38.Qxc6 Bxd3 39.Nxb5 Bxb5 40.Qc2+ Qxc2 41.Rxc2 Bd7 42.Rd2 Be6
43.h3 g5 44.Rd4 Kg6 45.g4 h5 46.Bf3 hxg4 47.hxg4 Kg7 48.Bd1 Ne4 49.f3 Nc3
50.Kf2 Nxd1+ 51.Rxd1 Kf6 52.Ke3 Ke5 53.Rd4 f5 54.gxf5 Kxf5 55.Rb4 Ke5 56.Ra4 Kf5
57.Ra8 Ke5 58.Rd8 Kf5 59.Kd4 Kf4 60.Rf8+ Kg3 61.Ke5 Bh3 62.Kxd5 Bg2 63.Ke4 g4
64.Ke3 Bxf3 65.Rg8 Kg2 66.Kf4  1/2-1/2

[Event "IsBank TCh-TUR 2013"]
[Site "Denizli TUR"]
[Date "2013.06.29"]
[Round "1.7"]
[White "Arat,Uf"]
[Black "Savran,S"]
[Result "1-0"]
[WhiteElo "2185"]
[BlackElo "1883"]

1.c4 c6 2.Nf3 Nf6 3.g3 g6 4.b3 Bg7 5.Bb2 O-O 6.Bg2 d5 7.O-O Qb6 8.Qc2 Na6
9.d3 Nb4 10.Qc1 a5 11.Nbd2 Bf5 12.Be5 Rac8 13.Qb2 Rfd8 14.h3 h5 15.a3 Na6
16.Rfb1 Ne8 17.Bxg7 Nxg7 18.b4 axb4 19.axb4 Be6 20.c5 Qc7 21.d4 Bf5 22.Rc1 Qd7
23.Ne5 Qe8 24.Nxc6 Qxc6 25.b5 Qe6 26.bxa6 bxa6 27.Nf3 Ne8 28.Rc3 Qc6 29.Rb3 Nc7
30.Ne5 Qe8 31.Rb6 Bd7 32.Nxd7 Qxd7 33.e3 e6 34.Bf1 Ra8 35.Bxa6 e5 36.Bf1 exd4
37.exd4 Rxa1 38.Qxa1 Qf5 39.Qb2 Kg7 40.Rb8 Rxb8 41.Qxb8 Qd7 42.Bg2 Kh7 43.Qb7 Kg7
44.Bxd5 Qxd5 45.Qxc7 Qxd4 46.c6 h4 47.gxh4 Qd1+ 48.Kh2 Qf3 49.Qe5+ Kg8 50.Qc5 Qf4+
51.Kg1 Qc7 52.Qd5 Qb6 53.Qc4 Qc7 54.Qc5 Kg7 55.Qd4+ Kf8 56.Qd7 Qxd7 57.cxd7 Ke7
58.h5 gxh5 59.Kg2 h4 60.Kf3 Kxd7 61.Kg4 Ke6 62.Kxh4 Kf5 63.Kg3 Kg5 64.h4+ Kh5
65.Kh3 f5 66.Kg3  1-0

[Event "IsBank TCh-TUR 2013"]
[Site "Denizli TUR"]
[Date "2013.06.29"]
[Round "1.3"]
[White "Mollov,E"]
[Black "Mikadze,M"]
[Result "1-0"]
[WhiteElo "2383"]
[BlackElo "2314"]

1.c4 c6 2.Nc3 d5 3.cxd5 cxd5 4.d4 Nf6 5.Bf4 Nc6 6.e3 Bf5 7.Nf3 e6 8.Ne5 Nd7
9.Nxc6 bxc6 10.Be2 Qb6 11.Qd2 Bb4 12.a3 Be7 13.O-O O-O 14.b4 a5 15.Na4 Qa7
16.Qc3 Rfc8 17.h3 Nf6 18.f3 Nd7 19.Rfc1 g5 20.Bg3 axb4 21.axb4 Qb7 22.Nc5 Nxc5
23.bxc5 Bd8 24.Bd6 Bc7 25.f4 h6 26.Be5 Bxe5 27.fxe5 Kg7 28.Bd3 Bxd3 29.Qxd3 Rxa1
30.Rxa1 Rb8 31.Qf1 Qe7 32.Ra6 Rc8 33.Rb6 f6 34.Qa6 Qd7 35.Rb7 Rc7 36.exf6+ Kxf6
37.Rb8 Ra7 38.Qf1+ Kg6 39.Rg8+ Kh7 40.Qf8 Ra1+ 41.Kf2 Ra2+ 42.Kf3 g4+ 43.hxg4  1-0

[Event "4th ch-Vojvodina Int"]
[Site "Novi Sad SRB"]
[Date "2013.06.29"]
[Round "3.10"]
[White "Ilijc,M"]
[Black "Blazeka,M"]
[Result "0-1"]
[WhiteElo "2205"]
[BlackElo "2300"]

1.c4 c6 2.b3 Nf6 3.Bb2 d5 4.Nf3 Bf5 5.g3 e6 6.Bg2 Nbd7 7.O-O h6 8.d3 Be7
9.Nc3 O-O 10.Rc1 Bh7 11.Qd2 Re8 12.h3 Qb6 13.g4 dxc4 14.bxc4 e5 15.Qc2 e4
16.dxe4 Nxe4 17.Nxe4 Bxe4 18.Qxe4 Qxb2 19.Rc2 Qf6 20.Qd4 Nc5 21.e3 Rad8 22.Qb2 Qxb2
23.Rxb2 Bf6 24.Rc2 a5 25.Rb1 a4 26.Kf1 a3 27.Nd2 Bb2 28.Rbxb2 axb2 29.Rxb2 Ra8
30.Nb3 Nxb3 31.axb3 Ra1+ 32.Ke2 Rea8 33.Rd2 R8a2 34.Be4 Rxd2+ 35.Kxd2 Ra2+
36.Bc2 Kf8 37.h4 g6 38.Kc3 Kg7  0-1

[Event "Visma GM 2013"]
[Site "Vaxjo SWE"]
[Date "2013.06.29"]
[Round "7.3"]
[White "Andersen,Mad"]
[Black "Semcesen,D"]
[Result "1/2-1/2"]
[WhiteElo "2477"]
[BlackElo "2431"]

1.c4 c6 2.Nf3 d5 3.e3 Nf6 4.Nc3 a6 5.Qc2 Bg4 6.Ne5 Be6 7.d4 g6 8.Bd3 dxc4
9.Nxc4 Bg7 10.O-O O-O 11.a4 a5 12.Bd2 c5 13.dxc5 Nbd7 14.e4 Nxc5 15.Be2 Bxc4
16.Bxc4 Ncxe4 17.Nxe4 Nxe4 18.Qxe4 Qxd2 19.Qxe7 Qxb2 20.Rab1 Qd4 21.Bb3 b6
22.Rfd1 Qc5 23.Rd7 Qxe7 24.Rxe7 Rad8 25.Kf1 Rd4 26.Rc7 Be5 27.Rc4 Rd2 28.Re4 Bf6
29.Rbe1 Rb2 30.Bc4 Kg7 31.R1e2 Rb4 32.Bb5 Rc8 33.g3 Rc5 34.Be8 g5 35.Kg2 h5
36.h3 Rc1 37.Re1 Rc2 38.R1e2 Rc7 39.Bb5 Rxb5 40.axb5 Rc5 41.Rd2 Rxb5 42.Rd7 Rc5
43.Ra7 Rc6 44.g4 h4 45.Rb7 Rd6 46.f4 Rd2+ 47.Kf1 Rd3 48.fxg5 Bxg5 49.Rxb6 Rxh3
50.Rb5 Bd2 51.Rf5 Kg6 52.Rc4 Bc3 53.Rfc5 Bd2 54.Rf5 Bg5 55.Rxa5 Rg3 56.Ra8 f6
57.Rh8 Kf7 58.Kf2 Kg7 59.Re8 Kf7 60.Rce4 Kg6 61.Rg8+ Kf7 62.Rge8 Kg6 63.Rg8+ Kf7  1/2-1/2

[Event "9th Prague Festival Open A"]
[Site "Prague CZE"]
[Date "2013.06.30"]
[Round "9.2"]
[White "Sergeev,Vl"]
[Black "Meduna,E1"]
[Result "1-0"]
[WhiteElo "2436"]
[BlackElo "2397"]

1.c4 c6 2.d4 d5 3.e3 Nf6 4.Nc3 Bf5 5.Nf3 e6 6.Nh4 Be4 7.f3 Bg6 8.Qb3 Qb6
9.Nxg6 hxg6 10.Bd2 Nbd7 11.Bd3 Be7 12.O-O-O O-O-O 13.Kb1 Kb8 14.Rc1 Nc5 15.Qxb6 axb6
16.Be2 dxc4 17.Bxc4 b5 18.Bf1 e5 19.Nxb5 cxb5 20.Bb4 exd4 21.exd4 Rxd4 22.Bxc5 Bxc5
23.Rxc5 b4 24.Bb5 Ne8 25.Rc4 Rxc4 26.Bxc4 Nd6 27.Bd3 Nf5 28.Bxf5 gxf5 29.Kc2 f4
30.h4 Rc8+ 31.Kd3 Rd8+ 32.Kc2 Rc8+ 33.Kb3 Re8 34.Rh2 Re2 35.h5 Kc7 36.h6 gxh6
37.Rxh6 Rxg2 38.Rf6 Rg7 39.Kxb4 Kd7 40.a4 Ke7 41.Rb6 Rg3 42.Rxb7+ Ke6 43.Rb6+ Ke7
44.a5 Rxf3 45.a6 Rf1 46.Rc6 f3 47.Rc2 Re1 48.b3 Re2 49.a7 Rxc2 50.a8=Q f2
51.Qe4+ Kf6 52.Qf4+ Kg6 53.Kb5 Rd2 54.Kc4 f5 55.b4 Re2 56.Kb5 Kf6 57.Ka5  1-0

[Event "Avoin SM 2013"]
[Site "Naantali FIN"]
[Date "2013.07.01"]
[Round "1.1"]
[White "Kiik,K"]
[Black "Norri,R"]
[Result "1-0"]
[WhiteElo "2446"]
[BlackElo "1896"]

1.c4 c6 2.e4 d5 3.cxd5 cxd5 4.exd5 Qxd5 5.Nc3 Qd8 6.Nf3 Nc6 7.d4 e6 8.Bb5 Bd7
9.O-O a6 10.Ba4 Nf6 11.Re1 b5 12.Bb3 Be7 13.d5 exd5 14.Nxd5 Nxd5 15.Bxd5 O-O
16.Ne5 Nxe5 17.Bxa8 Qxa8 18.Rxe5 Be6 19.Bg5 Bxg5 20.Rxg5 Qd8 21.Rc5 Qxd1+
22.Rxd1 Bxa2 23.Ra1 Rd8 24.h4 Bc4 25.Rxa6 g6 26.Rb6 Rd1+ 27.Kh2 Rd2 28.b3 Bxb3
29.Rcxb5 Be6 30.Rb2 Rd3 31.f3 Kg7 32.Kg3 Rd4 33.R6b4 Rd5 34.Kf4 Rd1 35.g4 Rh1
36.Kg3 Rg1+ 37.Rg2 Rd1 38.Re2 Rd3 39.Kf4 Rd1 40.Rb7 Bc4 41.Re4 Ba2 42.g5 Rd8
43.Ra7 Bb3 44.Ke3 Bc2 45.Ree7 Bb3 46.Rad7 Rc8 47.f4 Rf8 48.Kd4 Bc2 49.Ke5 Bd1
50.Rb7 Bc2 51.Rec7 Bf5 52.h5 Bg4 53.h6+ Kg8 54.Kf6 Be6 55.Rb6 Re8 56.Re7 Rc8
57.Reb7 Rc5 58.Rb8+ Bc8 59.Rd6  1-0

[Event "11th Niki Open 2013"]
[Site "Nachod CZE"]
[Date "2013.07.01"]
[Round "3.26"]
[White "Haderka,K"]
[Black "Cermak,Jan"]
[Result "1/2-1/2"]
[WhiteElo "1945"]
[BlackElo "1740"]

1.c4 c6 2.Nc3 d5 3.cxd5 cxd5 4.d4 Nf6 5.g3 e6 6.Bg2 Nc6 7.e3 Bd6 8.Nge2 O-O
9.O-O Ne7 10.Nb5 Bb8 11.b3 b6 12.Ba3 Ba6 13.Bxe7 Qxe7 14.Nec3 Rc8 15.Re1 Bb7
16.Na4 a6 17.Nbc3 Ba7 18.Rc1 Rc7 19.Ne2 Rac8 20.Qd2 h6 21.b4 Ne8 22.Rxc7 Rxc7
23.Rc1 Nd6 24.Rxc7 Qxc7 25.Nb2 Bb8 26.Qc3 Kf8 27.Qxc7 Bxc7 28.Nc3 Ke7 29.a4 f6
30.Bf1 g5 31.f4 Nf5 32.Kf2 e5 33.dxe5 fxe5 34.Bh3 Nxe3 35.fxg5 hxg5 36.Kxe3 d4+
37.Kd3 dxc3 38.Kxc3 Kf6 39.Nc4 Bd5 40.Bc8 a5 41.Ne3 axb4+ 42.Kxb4 Bc6 43.Kc4 Kg6
44.Bf5+ Kg7 45.Bc2 Bd8 46.Nd5 Kf7 47.Nb4 Bb7 48.Kb5 Ke6 49.Nc6 Bc7 50.Be4 Kd6
51.h4 Bxc6+ 52.Bxc6 gxh4 53.gxh4 Ke6 54.Be4 Kf6 55.Kc6 Bd8 56.h5 Kg7 57.Kd5 Bh4
58.Kxe5 Kh6  1/2-1/2

[Event "VIII Wroclaw Open A 2013"]
[Site "Wroclaw POL"]
[Date "2013.07.01"]
[Round "1.10"]
[White "Dubinski,M"]
[Black "Guzewicz,Rafal"]
[Result "1-0"]
[WhiteElo "2239"]
[BlackElo "1986"]

1.c4 c6 2.Nf3 Nf6 3.g3 d5 4.b3 Bf5 5.Bg2 e6 6.O-O Nbd7 7.d3 h6 8.Bb2 Be7
9.Nbd2 O-O 10.Qc2 Bh7 11.Rad1 a5 12.a3 Qb6 13.Qb1 Rac8 14.Qa1 c5 15.cxd5 exd5
16.Rfe1 Qa6 17.e4 d4 18.a4 Rfd8 19.Nc4 Nf8 20.Bc1 Ne8 21.Nfd2 Nd6 22.Nxd6 Bxd6
23.Nc4 Bg6 24.Bh3 Ra8 25.Na3 f6 26.f4 Be8 27.Bg2 Bh5 28.Rd2 c4 29.bxc4 Bb4
30.Nb5 Qb6 31.Qa2 Bxd2 32.Qxd2 Be8 33.Ba3 Bxb5 34.Rb1 Qc7 35.Rxb5 Re8 36.Bc5 Qd7
37.Rxa5 Rxa5 38.Qxa5 Ne6 39.Bb6 Nd8 40.Qd5+ Qxd5 41.exd5 Nf7 42.Bc7 Re1+
43.Kf2 Rb1 44.Be4 Rb2+ 45.Kf3 g5 46.d6  1-0

[Event "IsBank TCh-TUR 2013"]
[Site "Denizli TUR"]
[Date "2013.07.02"]
[Round "4.2"]
[White "Gurevich,M"]
[Black "Mammadov,Z"]
[Result "1-0"]
[WhiteElo "2589"]
[BlackElo "2437"]

1.c4 c6 2.Nf3 d5 3.e3 Nf6 4.d4 g6 5.Nc3 Bg7 6.Bd3 O-O 7.O-O dxc4 8.Bxc4 Bg4
9.h3 Bxf3 10.Qxf3 Nbd7 11.Rd1 e5 12.d5 e4 13.Nxe4 Nxe4 14.Qxe4 Nb6 15.Bb3 Nxd5
16.Bxd5 cxd5 17.Rxd5 Qc7 18.Qd3 Rac8 19.e4 Qc2 20.Be3 Bxb2 21.Rd1 Bg7 22.Qxc2 Rxc2
23.Bc5 Rxa2 24.Rd7 Re2 25.f3 a5 26.Bxf8 Bxf8 27.Rxb7 a4 28.h4 a3 29.Kh2 h5
30.Rd8 a2 31.Ra7 Kg7 32.Kh3 Bc5 33.Ra6 Re1 34.Rxa2 Rh1+ 35.Kg3 Bb4 36.Rd7 Be1+
37.Kf4 Rxh4+ 38.Ke3 Bg3 39.Raa7 Rf4 40.e5 Rf5 41.e6 Re5+ 42.Kd3 Rxe6 43.Rxf7+ Kh6
44.f4 g5 45.Rh7+ Kg6 46.Rhg7+ Kf5 47.Raf7+ Kg4 48.Rxg5+ Kh4 49.Rh7 Re3+ 50.Kc4  1-0

[Event "IsBank TCh-TUR 2013"]
[Site "Denizli TUR"]
[Date "2013.07.03"]
[Round "5.3"]
[White "Mamedov,Rau"]
[Black "Mikadze,M"]
[Result "1-0"]
[WhiteElo "2637"]
[BlackElo "2314"]

1.c4 c6 2.Nf3 d5 3.e3 Bf5 4.Nc3 e6 5.Be2 Nd7 6.O-O h6 7.cxd5 exd5 8.d3 Bh7
9.e4 dxe4 10.dxe4 Nc5 11.e5 Ne7 12.Bc4 Bd3 13.Bxd3 Qxd3 14.Be3 Nf5 15.Bxc5 Qxd1
16.Rfxd1 Bxc5 17.Ne4 b6 18.a3 Be7 19.g4 Nh4 20.Nxh4 Bxh4 21.Nd6+ Kf8 22.Nf5 Bg5
23.Rd7 h5 24.h4 Bf4 25.e6 fxe6 26.Nxg7 Be5 27.Nxe6+ Ke8 28.Rb7 Rh6 29.Ng5 Bxb2
30.Ra2 Bc3 31.Rc2 Ba1 32.Ra2 Bc3 33.Re2+ Kf8 34.Re3 Bb2 35.gxh5 Rxh5 36.Ne6+ Kg8
37.Rg3+ Kh8 38.Nf4 Ra5 39.Ng6+ Kg8 40.h5 Bg7 41.Nf4  1-0

[Event "11th Niki Open 2013"]
[Site "Nachod CZE"]
[Date "2013.07.03"]
[Round "5.19"]
[White "Sobotnik,Petr"]
[Black "Kuru,M"]
[Result "1/2-1/2"]
[WhiteElo "1975"]
[BlackElo "1834"]

1.c4 c6 2.d4 d5 3.e3 Nf6 4.Nf3 Bf5 5.Nc3 e6 6.Be2 Bb4 7.O-O O-O 8.Qb3 Qe7
9.c5 Ba5 10.Qa4 Bc7 11.b4 a6 12.Qd1 Nbd7 13.Bb2 e5 14.dxe5 Nxe5 15.Nxe5 Qxe5
16.g3 Bh3 17.Re1 Ne4 18.Qc2 Rfe8 19.Bd3 Qf5 20.Nxe4 dxe4 21.Be2 Rad8 22.Rad1 Be5
23.Rxd8 Rxd8 24.Rd1 Bc7 25.Rxd8+ Bxd8 26.Qd2 Qd7 27.Qxd7 Bxd7 28.Kf1 Be6
29.a3 f6 30.Ke1 Kf7 31.Kd2 Bd5 32.Bd4 Ke6 33.Kc3 Bc7 34.Bf1 g6 35.Bh3+ f5
36.Bf1 g5 37.Bg7 h5 38.Be2 h4 39.Kd4 hxg3 40.hxg3 g4 41.a4 Bb3 42.Bc4+ Bxc4
43.Kxc4 Be5 44.Bxe5 Kxe5 45.a5  1/2-1/2

[Event "41st TCh-GRE"]
[Site "Rio (Achaia) GRE"]
[Date "2013.07.03"]
[Round "2.2"]
[White "Zalahoras,N"]
[Black "Moutousis,K"]
[Result "1-0"]
[WhiteElo "2144"]
[BlackElo "2422"]

1.c4 c6 2.e4 d5 3.exd5 Nf6 4.Nc3 cxd5 5.d4 Nc6 6.Bf4 Bg4 7.f3 Be6 8.c5 Rc8
9.Bb5 Bd7 10.Bxc6 Bxc6 11.b4 Bd7 12.Nge2 b6 13.O-O e6 14.Qd3 Nh5 15.Be3 Be7
16.g4 Nf6 17.Bf4 O-O 18.Rfc1 bxc5 19.dxc5 Be8 20.Qa6 Nd7 21.Bg3 Nb8 22.Qd3 a5
23.Nb5 Bxb5 24.Qxb5 axb4 25.Bf2 Nc6 26.Nd4 Nxd4 27.Bxd4 Rb8 28.Qd3 Bf6 29.Rab1 Bxd4+
30.Qxd4 Qa5 31.f4 Rfc8 32.f5 Rc6 33.Rc2 h6 34.f6 Qd8 35.Rf1 gxf6 36.Rcf2 e5
37.Qe3 Kg7 38.Rf5 Qa5 39.Rc1 d4 40.Qf3 Rbc8 41.Rf1 Qa3 42.Qg2 Qe3+ 43.Kh1 e4
44.R5f4 Re6 45.Rf5 Rcc6 46.Qb2 Qc3 47.Qg2 e3 48.g5 hxg5 49.h4 e2 50.Rxg5+ fxg5
51.Qxg5+ Rg6 52.Qe5+ Rcf6  1-0

[Event "Bornholm WIM 2013"]
[Site "Ronne DEN"]
[Date "2013.07.03"]
[Round "3.4"]
[White "Vovk,Ok"]
[Black "De Blecourt,S"]
[Result "1/2-1/2"]
[WhiteElo "2151"]
[BlackElo "2106"]

1.c4 c6 2.Nf3 Nf6 3.d4 d5 4.e3 Bf5 5.Nc3 e6 6.Nh4 Bg4 7.Qb3 Qb6 8.h3 Bh5
9.g4 Bg6 10.Nxg6 hxg6 11.g5 Nfd7 12.f4 Be7 13.Bd3 Na6 14.c5 Qxb3 15.axb3 Nb4
16.Bb1 b6 17.cxb6 Nxb6 18.Bd2 Kd7 19.Na4 Nxa4 20.Rxa4 a5 21.Kf2 Rhb8 22.Bc3 Rb5
23.h4 Rh8 24.Kg3  1/2-1/2

[Event "36th Barbera Open"]
[Site "Barbera del Valles ESP"]
[Date "2013.07.04"]
[Round "1.7"]
[White "Cruz,Cr"]
[Black "Cruz Lledo,P"]
[Result "1-0"]
[WhiteElo "2499"]
[BlackElo "2258"]

1.c4 c6 2.Nf3 Nf6 3.e3 d5 4.Nc3 g6 5.Be2 Bg7 6.O-O O-O 7.h3 Nbd7 8.d4 b6
9.b4 Bb7 10.Bb2 Ne4 11.Qb3 dxc4 12.Bxc4 Nd6 13.Be2 e5 14.dxe5 Nxe5 15.Rfd1 Qe7
16.Nxe5 Bxe5 17.Bf3 Rad8 18.Rac1 Nf5 19.Be4 Nd6 20.Bf3 Nf5 21.b5 cxb5 22.Bxb7 Qxb7
23.Qxb5 Bg7 24.Ne2 a6 25.Qb4 a5 26.Qb5 Bxb2 27.Qxb2 b5 28.Nf4 Qe4 29.Kh2 b4
30.Rxd8 Rxd8 31.Qf6 Qe7 32.Qb6 Rd2 33.Rc7 Qd6 34.Rc6 Qd8 35.Qc5 Qe7 36.Qc4 Rxf2
37.Rc7 Qf6 38.Qe4 Nxe3 39.Qe8+ Kg7 40.Ne6+ Kh6 41.Qf8+ Kh5 42.Rc5+ Nf5 43.Kg1 Rxa2
44.Ng7+ Kh4 45.Nxf5+ gxf5 46.Rc4+ f4 47.Qg8 Ra1+ 48.Kh2 Qg6 49.g3+ Kh5 50.Rxf4 f5
51.Rxf5+ Qxf5 52.g4+ Kh4 53.gxf5  1-0

[Event "2nd Arberopen 2013"]
[Site "Bayerisch Eisenstein GER"]
[Date "2013.07.04"]
[Round "6.8"]
[White "Gschwendtner,S"]
[Black "Schuette,Mar"]
[Result "0-1"]
[WhiteElo "2024"]
[BlackElo "2207"]

1.c4 c6 2.g3 d5 3.Bg2 Nf6 4.Nf3 Bg4 5.d4 e6 6.O-O Nbd7 7.Nbd2 Be7 8.b3 Qa5
9.Bb2 dxc4 10.Nxc4 Qh5 11.Nce5 Nxe5 12.dxe5 Rd8 13.Qc2 Bf5 14.Qc4 Nd7 15.e4 Bg4
16.Qc3 Nc5 17.Nd4 Bh3 18.Bxh3 Qxh3 19.Qc2 h5 20.f4 h4 21.Rf3 hxg3 22.Rxg3 Qh6
23.Qg2 Nxe4 24.Rxg7 Bc5 25.Rd1 Qxf4 26.Rg4 Rxd4 27.Rxd4 Qe3+ 28.Kf1 Bxd4
29.Rxe4 Qd3+ 30.Re2 Qf5+  0-1

[Event "Karvina Open 2013"]
[Site "Karvina CZE"]
[Date "2013.07.04"]
[Round "6.23"]
[White "Gil,K"]
[Black "Repak,Jan"]
[Result "1-0"]
[WhiteElo "1878"]
[BlackElo "1599"]

1.c4 c6 2.Nf3 Nf6 3.d4 d5 4.g3 e6 5.Qc2 Bd6 6.Bg2 Nbd7 7.O-O O-O 8.Nbd2 e5
9.dxe5 Nxe5 10.Nxe5 Bxe5 11.Nf3 Bd6 12.Rd1 Qc7 13.b3 Bd7 14.Bb2 dxc4 15.bxc4 Be7
16.Ng5 g6 17.Qc3  1-0

[Event "Avoin SM 2013"]
[Site "Naantali FIN"]
[Date "2013.07.05"]
[Round "7.3"]
[White "Torkkola,Henri"]
[Black "Olander,A"]
[Result "1-0"]
[WhiteElo "2117"]
[BlackElo "2064"]

1.c4 c6 2.Nf3 g6 3.Nc3 d5 4.e3 Nf6 5.d4 Bg7 6.Be2 O-O 7.O-O Nbd7 8.b3 Re8
9.Bb2 b6 10.Rc1 Bb7 11.Qc2 Rc8 12.Qb1 dxc4 13.bxc4 Qc7 14.Rfd1 Rcd8 15.Bf1 e5
16.d5 e4 17.Nd4 cxd5 18.cxd5 Nc5 19.Ncb5 Qb8 20.Nc6 Bxc6 21.dxc6 Rxd1 22.Rxd1 Rc8
23.c7 Qa8 24.Bc4 a6 25.Bxf6 axb5 26.Rd8+ Bf8 27.Bd5 Qa6 28.Be7  1-0

[Event "e2e4 Sunningdale July Open"]
[Site "Ascot ENG"]
[Date "2013.07.06"]
[Round "2"]
[White "Villiers,Thomas"]
[Black "Moore,JC"]
[Result "1/2-1/2"]
[WhiteElo "1966"]
[BlackElo "2021"]

1.c4 c6 2.g3 d5 3.Bg2 Nf6 4.Nf3 Bf5 5.cxd5 cxd5 6.O-O Nc6 7.Qa4 Qd7 8.Nc3 e6
9.d3 Be7 10.e4 Bg4 11.e5 Bxf3 12.exf6 Bxg2 13.fxg7 Rg8 14.Kxg2 Rxg7 15.Bd2 d4
16.Ne2 Qd5+ 17.f3 Rd8  1/2-1/2

[Event "IsBank TCh-TUR 2013"]
[Site "Denizli TUR"]
[Date "2013.07.06"]
[Round "8.3"]
[White "Nevednichy,V"]
[Black "Mikadze,M"]
[Result "1-0"]
[WhiteElo "2580"]
[BlackElo "2314"]

1.c4 c6 2.e4 d5 3.cxd5 cxd5 4.exd5 Nf6 5.Nc3 Nxd5 6.Nf3 Nc6 7.Bb5 e6 8.O-O a6
9.Ba4 b5 10.Bb3 Be7 11.d4 Nxc3 12.bxc3 O-O 13.Qd3 Bb7 14.Re1 Bf6 15.Bc2 g6
16.Bh6 Re8 17.Rad1 Rc8 18.a4 b4 19.c4 Na5 20.c5 Qd5 21.Qd2 Qd7 22.Ng5 Rb8
23.h4 Bd5 24.h5 Nc6 25.Qf4 Bh8 26.Re3 b3 27.Bb1 Rb4 28.Nxh7 Kxh7 29.hxg6+ fxg6
30.Bxg6+ Kxg6 31.Rg3+ Kh7 32.Qh4 Bg7 33.Bxg7+  1-0

[Event "Karvina Open 2013"]
[Site "Karvina CZE"]
[Date "2013.07.06"]
[Round "8.4"]
[White "Orzechowski,J"]
[Black "Kireev,Al"]
[Result "1/2-1/2"]
[WhiteElo "2240"]
[BlackElo "2310"]

1.c4 c6 2.Nc3 g6 3.g3 Bg7 4.Bg2 d6 5.e4 e5 6.Nge2 Nh6 7.h4 Nd7 8.h5 g5 9.d3 O-O
10.Bh3 Qe7 11.Be3 f6 12.Qd2 Nf7 13.Bf5 Nc5 14.Bxc8 Rfxc8 15.f3 h6 16.b4 Nd7
17.Rb1 Bf8 18.b5 Qd8 19.O-O Qe8 20.Kg2 Be7 21.bxc6 bxc6 22.Na4 Bd8 23.Rfc1 c5
24.Qc2 Ba5 25.Bd2 Bxd2 26.Qxd2 Nd8 27.g4 Nc6 28.Nac3 Nb6 29.Ng3 Nd4 30.Rb2 Kf8
31.Rcb1 Rc7 32.Nb5 Nxb5 33.Rxb5 Kg8 34.Nf5 Qf8 35.Qa5 Rd8 36.Qa3 Kh7 37.Qb3 Rcd7
38.a4 Nc8 39.Ra5 Ne7 40.Nxe7 Qxe7 41.Rb5 Rc8 42.a5 Kg7 43.a6 Kf7 44.Qa4 Qd8
45.Rb7 Ke6 46.Kf2 Rdc7 47.Ke2 Qd7 48.Qa5 Qc6 49.Kd1 Qd7 50.Kc2 Qc6 51.Kc3 Qd7
52.R1b3 Qc6 53.Kc2 Qd7 54.Kc3  1/2-1/2

[Event "11th Niki Open 2013"]
[Site "Nachod CZE"]
[Date "2013.07.06"]
[Round "8.28"]
[White "Haderka,K"]
[Black "Vagner,P"]
[Result "1-0"]
[WhiteElo "1945"]
[BlackElo "1755"]

1.c4 c6 2.Nc3 Nf6 3.g3 d5 4.cxd5 cxd5 5.d4 Nc6 6.Bg2 e6 7.Nf3 Bd6 8.O-O O-O
9.Nb5 Bb8 10.b3 a6 11.Nc3 Bd6 12.Na4 Bd7 13.Nc5 Qc7 14.Nxd7 Qxd7 15.Bb2 Rac8
16.Ne5 Qe7 17.Nxc6 Rxc6 18.Rc1 Rfc8 19.Rxc6 Rxc6 20.Qb1 Qc7 21.Rc1 Rxc1+
22.Qxc1 Qxc1+ 23.Bxc1 Kf8 24.f3 Ke8 25.e4 Be7 26.Kf2 Kd7 27.h3 Kc6 28.g4 Ne8
29.Ke2 b5 30.Kd3 Nc7 31.g5 g6 32.Bd2 b4 33.h4 f6 34.gxf6 Bxf6 35.Bxb4 Bxh4
36.Bh3 Kd7 37.a4 Be7 38.Ba5 Kc6 39.Bxc7 dxe4+ 40.fxe4 Kxc7 41.Bxe6 Kd6 42.Bg8 h6
43.Bf7 g5 44.b4 Kc6 45.Be8+ Kb6 46.b5 axb5 47.axb5 h5 48.Kc4 h4 49.Bd7 Kc7
50.Bg4 Kd6 51.e5+ Kc7 52.d5 Ba3 53.d6+ Kb6 54.Bd7 Bc5 55.Kd5 Bb4 56.Bg4 Kxb5
57.e6  1-0

[Event "41st TCh-GRE"]
[Site "Rio (Achaia) GRE"]
[Date "2013.07.06"]
[Round "6.4"]
[White "Vazelakis,D"]
[Black "Kalofonos,P"]
[Result "1/2-1/2"]
[WhiteElo "1982"]
[BlackElo "1902"]

1.c4 c6 2.g3 d5 3.Bg2 Nf6 4.Nf3 dxc4 5.Qc2 Qd5 6.Nc3 Qh5 7.h3 g6 8.b3 cxb3
9.axb3 Qf5 10.e4 Qd7 11.O-O Bg7 12.d4 O-O 13.Rd1 b6 14.Ne5 Qe8 15.Nc4 Bb7
16.e5 Nd5 17.Nxd5 cxd5 18.Ne3 Qd7 19.Ba3 Rc8 20.Qd2 Na6 21.Ng4 Nc7 22.Nh6+ Bxh6
23.Qxh6 Nb5 24.Bc1 Rc2 25.Bf1 Nc3 26.Rd2 Rxd2 27.Bxd2 Ne4 28.Be3 a5 29.h4 Qg4
30.Bd3 Rc8 31.Bxe4 dxe4 32.Qg5 Qxg5 33.Bxg5 e6 34.Be7 Re8 35.Bd6 Bd5 36.b4 axb4
37.Bxb4 b5 38.Kf1 Rc8 39.Bc5 Bc4+ 40.Ke1 Rb8 41.Bb4 h6 42.Kd2 Bd5  1/2-1/2